Tilastot visalle Kirjaimella I alkavien valtioiden muodot

Klikkaa tästä pelataksesi tätä visaa!

Yleistilastot

  • Tätä visaa on pelattu 467 kertaa
  • Keskiarvotulos 9 / 10

Vastaustilastot

Vastaus% Oikein
Italia
100%
Islanti
98%
Indonesia
97%
Intia
97%
Irlanti
90%
Itävalta
88%
Irak
85%
Iran
85%
Israel
78%
Itä-Timor
75%

Tulosjakauma

Persentiili vastausten määrän mukaan

Jokaisen tuloksen saaneiden osuus

Tuloshistoriasi

Et ole pelannut tätä visaa